| 000 | 01024nam a22002657a 4500 | ||
|---|---|---|---|
| 001 | 8128 | ||
| 003 | FISKH | ||
| 005 | 20251010115741.0 | ||
| 008 | 250827b cb ||||| |||| 00| 0 eng d | ||
| 040 |
_aFISKH _bkhr _cFISKH _dFISKH |
||
| 050 | _aPZ7 | ||
| 100 | _aMinistry of Education , Youth and Sport | ||
| 245 |
_aចែមចង់លេង / _cក្រសួងអប់រំយុវជន និងកីឡា |
||
| 260 |
_aភ្នំពេញ : _bក្រសួងអប់រំយុវជន និងកីឡា , |
||
| 300 |
_a16 pages : _bcolor illustrations ; _c25 cm . |
||
| 505 | _aE | ||
| 520 | _aចែមចង់លេងជាមួយបងៗ ។ | ||
| 520 | _aChem wants to play with his brothers and sisters . | ||
| 521 | 8 |
_a160
_bLexile estimate |
|
| 521 | 8 |
_aE
_bRAz-Plus |
|
| 650 |
_aចែមចង់លេង _vរឿងនិទានកុមារ |
||
| 650 |
_aChem wants to play _vChildren's stories |
||
| 942 |
_2ddc _cKHB _n0 |
||
| 999 |
_c8128 _d8128 |
||